00603nam a2200205Ia 4500003000900000008004100009040001300050040001300063041000800076100001700084245002900101250000900130260001400139260000900153300001000162490000600172942000700178999001700185952019500202IT-RoPAU120407s9999 xx 000 0 und d aIT-RoPAU cIT-RoPAU aita aPaolo Brezzi aStoria del cattolicesimo aRoma aPem - Spa c1965 c28 cm v1 cBK c23092d23092 00102ddc406270_14000000000000071aPAULUSbPAULUSd2012-04-11l0o270.14r2012-04-11 00:00:00w2012-04-11yBKzInserito da: Jole In data: 22 luglio 2011 fondo: Via A.Severo 56 Progr:33454